| 000 | 01937 a2200205 4500 | ||
|---|---|---|---|
| 001 | 39532 | ||
| 005 | 20260407155653.0 | ||
| 008 | 260407a1960 arg spa d | ||
| 003 | AR-UNSa-BCEJYS | ||
| 040 |
_aAR-UNSa-BCEJYS _bspa _cAR-UNSa-BCEJYS |
||
| 080 |
_a659 _xPublicidad y propaganda. Información Relaciones públicas |
||
| 245 | 1 | 0 |
_aRelaciones públicas _pprincipios, casos y problemas |
| 264 | 1 |
_aBuenos Aires : _bMundi _c1960 |
|
| 300 |
_a457 p. _c27 cm. |
||
| 505 | _aParte I. El cambio de las relaciones públicas : 1. Concepto de las relaciones públicas - 2. De la opinión pública - 3. Organización de las relaciones públicas - Parte II: Sectores de público : 4. Relaciones con el personal - 5. Relaciones con los accionistas - 6. Relaciones cn los consumidores - 7. Relaciones con la comunidad - 8. Relaciones con los distribuidores y comerciantes minoristas - 9. Relaciones con los proveedores - 10. Relaciones educacionales - 11. Relaciones con el gobierno - Parte III: Relaciones públicas de las asociaciones civiles, organizaciones de servicio social de las fuerzas armadas y de otras instituciones : 12. Relacones públicas de las organizaciones de servicio social - 13. Rlaciones de las asociaciones mercantiles y profesionales - 14. Relaciones públicas de las fuerzas armadas - Parte IV : Relaciones públicas internacionales : 15. Relaciones públicas internacionales : 15. Relaciones públicas internacionales - Parte V : Instrumentos y evaluacón de las relaciones públicas - 17. Relaciones con la prensa y divulagión informativa - 18. Publicidad de relaciones públicas - 19. Períodicos de relaciones públicas - 20. Películas de relaciones públicas - 21. Acontecimientos especiales de relaciones públicas - 22. La comunicación oral en las relaciones públicas. | ||
| 942 | _cBK | ||
| 590 | _aniveau_biblio:m niveau_hierar:0 | ||
| 100 | 1 | _aCanfield, Bertrand R. | |
| 700 | 1 | _aMazzone, Alfredo E. | |
| 999 |
_c3060 _d3060 |
||